000 00269pab a2200109 454500
008 180718b xxu||||| |||| 00| 0 eng d
100 _aSukumar, K.
245 _aWanted a foolproof PDS
650 _aPublic Distribution System
773 _aFinancial Express
909 _a22756
999 _c22756
_d22756